<?xml version="1.0" encoding="UTF-8"?>
<collection xmlns="http://www.loc.gov/MARC21/slim">
 <record>
  <leader>01198nam a2200289 a 4500</leader>
  <controlfield tag="001">11821839</controlfield>
  <controlfield tag="008">091025s1999    ii       v    001 0 eng d</controlfield>
  <datafield tag="010" ind1=" " ind2=" ">
   <subfield code="a">   99936493 </subfield>
  </datafield>
  <datafield tag="040" ind1=" " ind2=" ">
   <subfield code="a">DLC</subfield>
   <subfield code="c">DLC</subfield>
   <subfield code="d">DLC</subfield>
  </datafield>
  <datafield tag="082" ind1="0" ind2="0">
   <subfield code="a">347.54/012 </subfield>
   <subfield code="a">345.40712 </subfield>
   <subfield code="2">21</subfield>
  </datafield>
  <datafield tag="100" ind1="1" ind2=" ">
   <subfield code="a">Basu, Durga Das,</subfield>
   <subfield code="d">1910-</subfield>
  </datafield>
  <datafield tag="245" ind1="1" ind2="0">
   <subfield code="a">Constitutional remedies and writs /</subfield>
   <subfield code="c">by Durga Das Basu and A.K. Nandi.</subfield>
  </datafield>
  <datafield tag="250" ind1=" " ind2=" ">
   <subfield code="a">2nd ed.</subfield>
  </datafield>
  <datafield tag="260" ind1=" " ind2=" ">
   <subfield code="a">Calcutta :</subfield>
   <subfield code="b">Kamal Law House,</subfield>
   <subfield code="c">1999.</subfield>
  </datafield>
  <datafield tag="300" ind1=" " ind2=" ">
   <subfield code="a">80, 813 p. ;</subfield>
   <subfield code="c">24 cm.</subfield>
  </datafield>
  <datafield tag="500" ind1=" " ind2=" ">
   <subfield code="a">&quot;This [book] ... has to be read as complementary to the author's Administrative law and the Commentary on the constitution of India&quot;--Pref.</subfield>
  </datafield>
  <datafield tag="504" ind1=" " ind2=" ">
   <subfield code="a">Includes index.</subfield>
  </datafield>
  <datafield tag="541" ind1="1" ind2=" ">
   <subfield code="e">00015202</subfield>
  </datafield>
  <datafield tag="650" ind1=" " ind2="0">
   <subfield code="a">Judicial review</subfield>
   <subfield code="z">India.</subfield>
  </datafield>
  <datafield tag="650" ind1=" " ind2="0">
   <subfield code="a">Writs</subfield>
   <subfield code="z">India.</subfield>
  </datafield>
  <datafield tag="650" ind1=" " ind2="0">
   <subfield code="a">Civil rights</subfield>
   <subfield code="z">India.</subfield>
  </datafield>
  <datafield tag="700" ind1="1" ind2=" ">
   <subfield code="a">Nandi, A. K.</subfield>
  </datafield>
  <datafield tag="700" ind1="1" ind2=" ">
   <subfield code="a">Basu, Durga Das,</subfield>
   <subfield code="d">1910-</subfield>
   <subfield code="t">Administrative law.</subfield>
  </datafield>
  <datafield tag="700" ind1="1" ind2=" ">
   <subfield code="a">Basu, Durga Das,</subfield>
   <subfield code="d">1910-</subfield>
   <subfield code="t">Commentary on the constitution of India.</subfield>
  </datafield>
  <datafield tag="852" ind1="4" ind2=" ">
   <subfield code="a">Ayesha Abed Library </subfield>
   <subfield code="j">General Shelf.</subfield>
  </datafield>
  <datafield tag="999" ind1=" " ind2=" ">
   <subfield code="c">4821</subfield>
   <subfield code="d">4821</subfield>
  </datafield>
  <datafield tag="952" ind1=" " ind2=" ">
   <subfield code="0">0</subfield>
   <subfield code="1">0</subfield>
   <subfield code="2">ddc</subfield>
   <subfield code="4">0</subfield>
   <subfield code="6">347_540120000000000_BAS_1999</subfield>
   <subfield code="7">0</subfield>
   <subfield code="9">4641</subfield>
   <subfield code="a">BRACUL</subfield>
   <subfield code="b">BRACUL</subfield>
   <subfield code="c">GEN</subfield>
   <subfield code="d">2009-10-25</subfield>
   <subfield code="g">1225.00</subfield>
   <subfield code="l">5</subfield>
   <subfield code="o">347.54012 BAS</subfield>
   <subfield code="p">3010015202</subfield>
   <subfield code="r">2021-10-26</subfield>
   <subfield code="s">2021-06-21</subfield>
   <subfield code="t">1</subfield>
   <subfield code="w">2009-10-25</subfield>
   <subfield code="y">BK</subfield>
  </datafield>
 </record>
</collection>
